[Event "XLV Sevilla Open 2020"]
[Site "Sevilla"]
[Date "2020.01.14"]
[Round "5.14"]
[White "Soumya, Swaminathan"]
[Black "Pereira Figueroa, Manuel"]
[Result "1-0"]
[WhiteElo "2384"]
[BlackElo "2117"]
[Annotator "TA"]
[PlyCount "87"]
[EventDate "2020.01.05"]
[EventType "swiss"]
[EventCountry "ESP"]
[SourceTitle "playchess.com"]
[Source "ChessBase"]
[SourceQuality "1"]

{[%evp 21,87,0,0,0,0,0,0,-31,-14,-50,-50,-50,-52,-55,0,0,47,31,14,20,58,16,16,29,13,-14,29,27,12,23,20,-12,34,2,98,85,93,95,88,95,76,78,85,100,85,44,60,66,157,142,145,167,149,133,113,110,98,114,119,124,160,157,643,664,628,635,587,552]} 1. e4 e6 2. d4 d5 3. Nc3 Nf6 4. e5 Nfd7 5. f4 c5 6. Nf3 Nc6 7. Be3 cxd4 8. Nxd4 Bc5 9. Qd2 a6 10. O-O-O O-O 11. Kb1 Nxd4 12. Bxd4 {C11: French: Classical System: 4 e5 and 4 Bg5 dxe4} b5 13. Bxc5 (13. g3 b4 14. Ne2 a5 15. Bh3 Qc7 16. Rhe1 Re8 17. f5 Nxe5 18. Bxe5 Qxe5 19. Nf4 Qd6 20. Nxd5 {½-½ (34) Giri,A (2791)-Tiviakov,S (2639) Amsterdam 2015}) 13... Nxc5 14. Qe3 {The position is equal.} Qc7 15. g4 $146 ({Predecessor:} 15. Bd3 Bb7 16. Ne2 Rac8 17. Nd4 Ne4 18. c3 Qb6 19. Bxe4 dxe4 {½-½ (34) Abergel,T (2429)-Libiszewski,F (2504) Brest 2018}) 15... b4 16. Ne2 a5 17. Nd4 Bd7 (17... Ba6 $15) 18. Bg2 $11 Rab8 19. Rhe1 a4 20. f5 Kh8 21. f6 gxf6 22. Qh6 {Hoping for Re3.} Rg8 23. Qxf6+ {[%mdl 64] [#] Double Attack} Rg7 24. Re3 Qd8 25. Qxd8+ $40 {[%mdl 128] White mounts an attack.} Rxd8 26. h3 Kg8 27. c4 bxc3 (27... h5 $11 {keeps the balance.}) 28. Rxc3 $16 Nb7 29. Rc7 Na5 30. b3 {Strongly threatening b4.} axb3 31. axb3 h5 32. Bf3 hxg4 33. hxg4 {Kc2 is the strong threat.} Be8 34. Rdc1 Rb8 (34... Rg5 $14) 35. Rc8 Rxc8 36. Rxc8 Kf8 37. Ra8 Nxb3 38. Nxb3 {Threatens to win with Nc5.} Rg5 39. Nc5 {Black must now prevent Nd3.} Ke7 40. Ra7+ Kd8 41. Nb7+ Kc7 $2 {[#]} (41... Ke7 $16 42. Nd6+ Bd7 43. Nxf7 Kxf7) 42. Nd6+ $18 {White is clearly winning.} Kb6 43. Rb7+ Kc6 44. Re7 {Accuracy: White = 61%, Black = 48%.} 1-0

[Event "XLV Sevilla Open 2020"]
[Site "Sevilla"]
[Date "2020.01.14"]
[Round "5.15"]
[White "Padmini, Rout"]
[Black "Pindado Campos, Raul"]
[Result "1-0"]
[WhiteElo "2369"]
[BlackElo "2103"]
[Annotator "TA"]
[PlyCount "77"]
[EventDate "2020.01.05"]
[EventType "swiss"]
[EventCountry "ESP"]
[SourceTitle "playchess.com"]
[Source "ChessBase"]
[SourceQuality "1"]

{[%evp 11,77,39,36,12,13,0,18,23,32,33,38,24,33,35,116,91,96,37,26,13,22,20,22,-3,24,-14,22,-14,29,18,72,-8,38,50,76,81,78,73,94,68,96,62,28,39,103,96,202,227,229,208,199,213,508,446,645,631,1132,1121,1020,1104,1108,1110,1087,1088,1396,1368,1222,1156]} 1. e4 c5 2. Nc3 Nc6 3. Nf3 e6 4. d4 cxd4 5. Nxd4 a6 6. Nxc6 bxc6 7. Qf3 {B46: Sicilian: Taimanov: 5 Nc3 a6} (7. Bd3 Qc7 8. Qg4 Nf6 9. Qg3 Qxg3 10. hxg3 d5 11. f3 Bd6 12. g4 Nd7 13. Bd2 Ne5 14. O-O-O Bb7 15. g5 O-O-O {1-0 (70) Karjakin,S (2754)-Alekseev,E (2620) Moscow 2019}) 7... d5 8. Bd3 Nf6 9. Bf4 {The position is equal.} Bb7 10. O-O Be7 11. Rad1 Qa5 12. a3 h6 $146 (12... O-O $14) ({Predecessor:} 12... O-O 13. b4 Qd8 14. Na4 Nd7 15. Qh3 g6 16. c4 a5 {1-0 (34) Pruijssers,R (2512)-Saduakassova,D (2448) Hoogeveen 2017}) 13. Rfe1 d4 14. b4 (14. e5 $16 Nd5 15. b4) 14... Qh5 $1 $14 {[%cal Rh5f3] [#] And now ...Qxf3 would win.} 15. Na4 {aiming for Qg3.} Qxf3 16. gxf3 Nd7 $1 17. Bd2 O-O 18. f4 Rfe8 19. Kg2 Rac8 20. Rb1 Rb8 (20... Rc7 $11) 21. Nb2 (21. f3 $16) 21... Nb6 22. a4 {[%cal Ba3a4,Ba4a5][%mdl 32]} Bc8 23. a5 Nd7 24. Na4 Bb7 25. Rb2 Bf8 26. Nc5 Bxc5 27. bxc5 Nxc5 {[#]} ({Better is} 27... Ba8 $1 $14 28. Reb1 Rxb2 29. Rxb2 Nxc5) 28. Reb1 $1 $16 f6 (28... Red8 $16 {is a better defense.}) 29. f3 $18 {[%mdl 1024] White has strong compensation.} Red8 30. Bc4 {f5 is the strong threat.} Kh7 31. Rb6 Kg6 $2 (31... Rd7 32. Bb4 Na4) 32. Bc1 {White is clearly winning.} f5 (32... Rd7 $142 33. Bxe6 {[%mdl 64] Remove Defender} Nxe6) 33. Ba3 Na4 34. Rxb7 Rxb7 35. Rxb7 fxe4 36. fxe4 Nc3 37. Kf3 Nd1 38. e5 Ne3 39. Bxa6 {Accuracy: White = 57%, Black = 22%.} 1-0

[Event "XLV Sevilla Open 2020"]
[Site "Sevilla"]
[Date "2020.01.14"]
[Round "5.16"]
[White "Gagare, Shalmali"]
[Black "Gutierrez Olivares, Daniel"]
[Result "1-0"]
[WhiteElo "2099"]
[BlackElo "2358"]
[Annotator "TA"]
[PlyCount "90"]
[EventDate "2020.01.05"]
[EventType "swiss"]
[EventCountry "ESP"]
[SourceTitle "playchess.com"]
[Source "ChessBase"]
[SourceQuality "1"]

{[%evp 13,90,9,16,9,37,38,37,48,44,43,43,35,33,6,20,9,66,0,0,0,-17,-17,-16,-17,0,0,0,0,0,-78,0,0,8,13,37,-1,-7,-14,0,0,4,0,0,-4,5,5,5,5,74,-135,-125,-203,-207,-203,-202,-206,-213,-361,-351,-486,-404,-396,-360,-495,-487,-481,-310,-599,-597,-787,-784,-5409,-5402,-5318,-5314,-1986,-891,-876,-862]} 1. e4 c5 2. Nf3 Nc6 3. Bb5 g6 4. Bxc6 dxc6 5. d3 Bg7 6. h3 Qc7 7. Nc3 Nf6 8. Be3 {B31: Sicilian: 2...Nc6 3 Bb5 g6} Nd7 (8... b6 9. Qd2 h6 10. O-O e5 11. Nh2 Nh5 12. Ne2 Be6 13. b4 cxb4 14. Qxb4 Nf4 15. Rfe1 Bd7 {0-1 (68) Visakh,N (2509)-Adly,A (2611) Dubai 2019}) 9. Qd2 h6 10. O-O {White is slightly better.} e5 11. Nh2 b6 12. f4 exf4 13. Bxf4 Ne5 $1 14. Nf3 Be6 $146 (14... Nxf3+ $11 15. Rxf3 Qe7) ({Predecessor:} 14... Nxf3+ 15. Rxf3 {0-1 (43) Krasnodebska,M (1992)-Tsifanskaya,L (2170) Rewal 2007}) 15. Qf2 ({White should try} 15. Nd5 $14 cxd5 16. exd5 Bxd5 17. Bxe5 Bxe5 18. Nxe5) 15... Nxf3+ $11 16. Qxf3 Qd7 17. a4 O-O 18. Qg3 c4 19. Rad1 cxd3 20. Rxd3 Qb7 21. Bd6 (21. Rd2 $11) 21... Rfe8 (21... Bc4 $17 22. Bxf8 Rxf8) 22. Rdf3 Bc4 {[#] Strongly threatening ...Bxc3.} 23. Re1 b5 24. axb5 cxb5 {With the idea ...b4.} 25. e5 Kh8 26. Ne4 Bd5 27. Nf6 Bxf3 28. Nxe8 Rxe8 29. Qxf3 Qd7 30. Qd5 Re6 {[#]} (30... Kg8 $11 {keeps the balance.}) 31. Ra1 $2 (31. b3 $1 $16 {stays on course.}) 31... Rxe5 $1 $17 {[%mdl 64] Pin} 32. Qd2 (32. Qd1 $17 Re4 33. c3) 32... Re4 $19 33. c3 Kh7 34. Bf4 Qe6 35. Qf2 (35. Qd6 $142) 35... b4 36. Kh1 bxc3 37. bxc3 Bxc3 38. Rc1 Bd4 39. Qg3 Qf5 40. Bd6 $2 (40. Bd2) 40... Bf2 {Black is clearly winning.} 41. Qc3 Re3 42. Qc8 Re1+ 43. Kh2 Bg1+ 44. Kh1 Qxc8 (44... Bb6+ $142 45. Rxe1 Qxc8) 45. Rxc8 Bc5+ {[%mdl 32832] Discovered Attack. Accuracy: White = 43%, Black = 56%. . Loss on time!?} 1-0

[Event "XLV Sevilla Open 2020"]
[Site "Sevilla"]
[Date "2020.01.14"]
[Round "5.17"]
[White "Pecnik, Leo"]
[Black "Lopez Martin, Carlos"]
[Result "1-0"]
[WhiteElo "2357"]
[BlackElo "2097"]
[Annotator "TA"]
[PlyCount "81"]
[EventDate "2020.01.05"]
[EventType "swiss"]
[EventCountry "ESP"]
[SourceTitle "playchess.com"]
[Source "ChessBase"]
[SourceQuality "1"]

{[%evp 10,81,37,23,39,0,0,0,0,4,0,10,46,53,129,120,120,88,85,96,89,87,114,119,156,123,116,108,137,101,170,178,188,198,258,229,235,246,332,325,372,366,465,441,1076,1092,1070,1070,1027,1002,1222,1230,1191,1173,1131,647,651,638,679,662,651,635,648,625,767,722,776,750,1276,1199,1685,1645,1405,1200]} 1. e4 e6 2. d4 d5 3. e5 c5 4. c3 Qb6 5. Nf3 Bd7 6. a3 Ne7 {C02: French: Advance Variation} (6... Bb5 7. dxc5 Bxc5 8. Bxb5+ Qxb5 9. b4 Bb6 10. a4 Qc4 11. a5 Qe4+ 12. Qe2 Qxe2+ 13. Kxe2 Bc7 14. c4 Ne7 {1-0 (66) Vachier Lagrave,M (2781)-Aronian,L (2765) London 2018}) 7. dxc5 Qxc5 8. Bd3 Ng6 {The position is equal.} 9. O-O Be7 10. Qe2 $146 ({Predecessor:} 10. Re1 Qc7 11. Qe2 O-O 12. Bg5 Bxg5 13. Nxg5 Nc6 14. Bxg6 fxg6 {0-1 (25) Smyth,P (1283)-Wenger,J (1893) IECC email 1999}) 10... O-O 11. h4 Bxh4 ({Black should play} 11... f6 $14) 12. Bxg6 hxg6 13. Nxh4 {And now a4 would win.} Bb5 14. Be3 Qc6 15. Qd1 {Hoping for Re1.} Bxf1 16. Qxf1 Nd7 17. Bd4 g5 18. Nf3 f6 19. Qe2 Kf7 (19... g4 $16 {was necessary.} 20. Nh4 Nxe5) 20. Nbd2 $18 {[%cal Bb1d2,Bd2f1,Bf1g3][%mdl 32]} Rh8 21. g4 Rh3 (21... Rh6 $142 22. Nf1 Kf8) 22. Nf1 Rah8 23. Ng3 R3h6 24. Re1 ({Less strong is} 24. Bxa7 Qa6 $16) 24... a6 25. Qe3 b5 26. Kg2 {White is clearly winning.} Nf8 (26... a5 $142 27. Nh5 Rxh5) 27. exf6 gxf6 {[#]} 28. Bxf6 $1 {[%mdl 576] Double Attack} d4 (28... Kxf6 29. Qxg5+) 29. Bxd4 Ng6 30. Kg1 e5 31. Bxe5 Re8 32. Qe4 Qxe4 33. Rxe4 Nxe5 34. Rxe5 Rxe5 35. Nxe5+ Ke6 36. Nf3 Rg6 37. Ne4 Kd5 38. Nfxg5 Kc4 39. b4 Kb3 40. f4 Kxa3 41. f5 {Accuracy: White = 80%, Black = 49%.} 1-0

[Event "XLV Sevilla Open 2020"]
[Site "Sevilla"]
[Date "2020.01.15"]
[Round "6.1"]
[White "Grigoryan, Karen H."]
[Black "Shevchenko, Kirill"]
[Result "1/2-1/2"]
[WhiteElo "2632"]
[BlackElo "2553"]
[Annotator "TA"]
[PlyCount "128"]
[EventDate "2020.01.05"]
[EventType "swiss"]
[EventCountry "ESP"]
[SourceTitle "playchess.com"]
[Source "ChessBase"]
[SourceQuality "1"]

{[%evp 21,128,14,23,21,21,24,21,13,25,16,22,21,8,0,12,0,0,0,0,0,0,0,0,0,21,0,0,0,0,-9,-8,-23,-9,-80,-66,-56,0,0,0,-21,-26,-21,0,-9,0,0,0,0,0,0,0,0,0,0,0,0,0,-15,0,0,0,0,0,0,0,0,0,0,0,0,0,0,0,0,0,0,0,0,0,0,0,0,0,0,0,0,0,0,0,0,0,0,0,0,0,0,0,-15,-15,-16,-15,-15,-15,-15,-15,-15,0,-20,0]} 1. Nf3 Nf6 2. g3 g6 3. b3 Bg7 4. Bb2 O-O 5. Bg2 d6 6. d4 c5 7. c4 Ne4 8. O-O Nc6 9. Nbd2 Bf5 10. Nh4 Nxd2 11. Qxd2 Nxd4 12. Nxf5 {E60: King's Indian: Unusual lines and Fianchetto Variation without Nc3} Nxf5 13. Bxg7 Nxg7 14. Bxb7 Rb8 15. Bf3 (15. Bg2 Qc7 16. f4 a5 17. g4 f5 18. h3 Kh8 19. Rad1 Rb4 {1-0 (80) Tabatabaei,M (2601)-Stany,G (2525) Biel 2019}) 15... a5 16. h4 h5 17. Rab1 Qc7 $146 ({Predecessor:} 17... Qb6 18. Kg2 Qa7 19. g4 hxg4 20. Bxg4 {½-½ (55) Chernikov,O (2385)-Hermansson,E (2275) Decin 1997}) 18. Kg2 Rfd8 19. Rh1 Ne8 {[%cal Bg7e8,Be8f6,Bf6d5][%mdl 32]} 20. g4 hxg4 21. Bxg4 Nf6 22. Bf3 Qc8 23. Qxa5 e5 {[#] Strongly threatening ...e4.} 24. Qc3 Qf5 25. e3 d5 26. cxd5 Nxd5 27. Qc4 (27. Qe1 $1 $11 {remains equal.}) 27... Rb4 $17 {[%mdl 1024] Black has strong compensation.} 28. Qc1 ({But not} 28. Qxc5 $2 e4 $19) 28... e4 ({Black should try} 28... Rd6 $15 29. Rh3 {[#]} (29. Qxc5 $2 e4 $19) 29... c4 $1 {[%mdl 512]}) 29. Be2 $11 Rb6 30. Qe1 Nb4 31. Rh3 $1 Rf6 {The position is equal.} 32. Rg3 $1 Nd3 ({Avoid the trap} 32... Nxa2 $2 33. Bg4 $16) 33. Bxd3 $1 exd3 34. e4 Qh5 35. Qd2 Qxh4 36. f3 Ra6 37. Rh3 Qf6 38. Rbh1 c4 {...c3 is the strong threat.} 39. bxc4 Rda8 40. Rh8+ (40. Qh6 {is more complex.} Rxa2+ 41. Kg3 d2 42. Qh8+ Qxh8 43. Rxh8+ Kg7 44. Rxa8 Rxa8 45. Rd1) 40... Qxh8 41. Rxh8+ Kxh8 42. Qxd3 {[%mdl 4096] Endgame KQ-KRR} Kg8 43. Kg3 Rxa2 44. Qd7 R2a5 45. Qc7 R5a7 46. Qc6 Ra6 47. Qb7 R6a7 48. Qb6 Re7 49. Qd6 Re6 50. Qd7 Ree8 51. c5 Red8 52. Qb7 Rab8 53. Qe7 {And now c6 would win.} Re8 54. Qd7 Rbd8 55. Qb7 Rb8 56. Qd5 Red8 57. Qe5 Rdc8 58. Qe7 Rc6 59. Kf4 Rbc8 60. Kg5 Rxc5+ 61. e5 R5c6 {aiming for ...Re6.} 62. Qd7 R6c7 63. Qd6 Rc6 64. Qd7 R6c7 {Accuracy: White = 53%, Black = 80%.} 1/2-1/2

[Event "XLV Sevilla Open 2020"]
[Site "Sevilla"]
[Date "2020.01.15"]
[Round "6.2"]
[White "Bernadskiy, Vitaliy"]
[Black "Lu, Shanglei"]
[Result "1/2-1/2"]
[WhiteElo "2588"]
[BlackElo "2611"]
[Annotator "TA"]
[PlyCount "62"]
[EventDate "2020.01.05"]
[EventType "swiss"]
[EventCountry "ESP"]
[SourceTitle "playchess.com"]
[Source "ChessBase"]
[SourceQuality "1"]

{[%evp 13,62,32,20,15,23,14,14,19,29,22,32,22,22,22,22,22,16,19,23,18,9,16,20,17,70,62,67,64,54,52,50,58,97,94,79,73,53,29,35,41,66,31,19,17,12,0,0,0,12,0,0]} 1. d4 d5 2. c4 e6 3. Nc3 c6 4. Nf3 Nf6 5. Bg5 h6 6. Bh4 Be7 7. e3 O-O 8. Rc1 {D53: Queen's Gambit Declined: 4 Bg5 Be7: Early deviations} b6 9. Bd3 Bb7 10. O-O Nbd7 11. cxd5 cxd5 12. Qb3 a6 13. a4 {[#]} Bd6 $146 ({Predecessor:} 13... g5 14. Bg3 Nh5 15. e4 Nxg3 16. hxg3 Nf6 17. e5 Nd7 {1-0 (33) Gustafsson,J (2607)-Bischoff,K (2537) Austria 2008}) 14. Rc2 Qe7 15. Rfc1 Rfc8 16. Bg3 Bxg3 17. hxg3 Qd6 18. Ne5 Nxe5 ({Black should play} 18... Rab8 $11) 19. dxe5 $14 Qxe5 20. Qxb6 Rcb8 21. Ne2 Ne8 22. Nd4 Qd6 23. Qxd6 Nxd6 24. b4 Kf8 25. Rc7 Ne8 26. R7c5 $36 {[%mdl 2048] Black is under pressure.} Nd6 27. f4 Bc8 28. Rc6 {The position is equal.} Ke7 29. Rc7+ Kd8 $1 30. R7c6 Ke7 31. Rc7+ Kd8 {Accuracy: White = 56%, Black = 70%.} 1/2-1/2

[Event "XLV Sevilla Open 2020"]
[Site "Sevilla"]
[Date "2020.01.15"]
[Round "6.3"]
[White "Li, Di"]
[Black "Shariyazdanov, Andrey"]
[Result "1/2-1/2"]
[WhiteElo "2562"]
[BlackElo "2519"]
[Annotator "TA"]
[PlyCount "63"]
[EventDate "2020.01.05"]
[EventType "swiss"]
[EventCountry "ESP"]
[SourceTitle "playchess.com"]
[Source "ChessBase"]
[SourceQuality "1"]

{[%evp 14,63,0,0,0,0,-8,-7,-11,-10,14,0,8,8,5,0,0,0,2,0,0,-5,27,28,26,36,31,30,64,64,64,66,66,70,97,99,112,113,239,0,0,0,0,0,0,0,0,0,0,0,0,0]} 1. Nf3 Nf6 2. c4 e6 3. g3 d5 4. d4 Be7 5. Bg2 O-O 6. O-O Nbd7 7. Nc3 dxc4 8. e4 b5 {E07: Closed Catalan: Main Line (5 Nf3 0-0 6 0-0 Nbd7)} 9. Nxb5 Bb7 10. e5 Nd5 11. Qe2 $146 ({Predecessor:} 11. h4 N7b6 12. Ng5 Qd7 13. Na3 Bxg5 14. Bxg5 Rac8 15. Rc1 c5 16. Re1 {½-½ (57) Bruzon Batista,L (2681)-Kryvoruchko,Y (2682) Varadero 2016}) 11... a6 (11... Rb8 {with more complications.} 12. Rd1 N7b6 13. Bd2 Na4 14. b3 c3) 12. Nc3 Nxc3 13. bxc3 Nb6 14. h4 c5 15. Rd1 $36 {[%mdl 2048] Black is under pressure.} Qc7 16. Rb1 Rab8 17. Bg5 Bd5 18. Bxe7 Qxe7 19. Ng5 h6 20. Ne4 cxd4 21. Rxd4 Na4 22. Rxb8 Rxb8 23. Qe3 Rb1+ 24. Kh2 Rb2 25. Nd6 Nb6 {[#]} (25... Bxg2 $16 26. Kxg2 Nb6) 26. Bxd5 $2 (26. Rf4 $1 $18) 26... Nxd5 $11 {The position is equal.} 27. Qf3 Qa7 28. Kg1 Rb1+ $1 29. Kg2 Rb2 30. Kg1 Rb1+ $1 31. Kg2 Rb2 32. Kg1 {Accuracy: White = 60%, Black = 55%.} 1/2-1/2

[Event "XLV Sevilla Open 2020"]
[Site "Sevilla"]
[Date "2020.01.15"]
[Round "6.4"]
[White "Harutyunian, Tigran K."]
[Black "Pridorozhni, Aleksei"]
[Result "1-0"]
[WhiteElo "2533"]
[BlackElo "2601"]
[Annotator "TA"]
[PlyCount "61"]
[EventDate "2020.01.05"]
[EventType "swiss"]
[EventCountry "ESP"]
[SourceTitle "playchess.com"]
[Source "ChessBase"]
[SourceQuality "1"]

{[%evp 10,61,20,22,17,20,30,18,38,40,56,47,46,38,33,31,48,49,30,31,59,42,48,49,68,48,76,52,53,50,56,0,0,0,0,0,16,7,6,10,27,20,191,187,200,174,215,202,257,251,382,380,345,336]} 1. d4 e6 2. Nf3 Nf6 3. c4 b6 4. g3 Bb7 5. Bg2 g6 6. O-O Bg7 {E16: Queen's Indian: 4 g3 Bb7 5 Bg2 Bb4+} 7. Qc2 O-O 8. Nc3 d6 {The position is equal.} (8... d5 9. Ne5 c6 10. Rd1 Nbd7 11. e4 dxe4 12. Nxe4 Nxe4 13. Bxe4 Qc7 14. Nxd7 Qxd7 15. Be3 {1-0 (47) Xiong,J (2672)-Mamedyarov,S (2817) chess.com INT 2019}) 9. e4 Nbd7 10. h3 e5 11. Rd1 $146 ({Predecessor:} 11. Be3 exd4 12. Nxd4 Re8 13. Rad1 Nc5 14. f3 Nfd7 15. b4 {1-0 (39) Sandipan,C (2593)-Shyam,S (2552) Hoogeveen 2016}) 11... exd4 12. Nxd4 Qc8 13. b3 Re8 14. Bb2 Nc5 {[%cal Rf6e4]} 15. Re1 Ne6 16. Nxe6 Rxe6 17. Nd5 c5 18. h4 {Strongly threatening Bh3.} Bxd5 19. cxd5 Re8 20. e5 (20. Re2 $14) 20... dxe5 $11 21. Bxe5 Rxe5 22. Rxe5 {And now Rd1 would win.} Nd7 {[%mdl 64] Pin} 23. Ree1 {Threatens to win with Rad1.} Bxa1 24. Rxa1 Qd8 25. Re1 $36 {[%mdl 2048] Black must now prevent d6. White is more active.} Nf8 $2 (25... Qf6 $11 {and Black has nothing to worry.}) 26. d6 $1 $18 Rb8 27. Qd3 Ne6 28. Qd5 Qd7 {[#] With the idea ...Rd8.} 29. Bh3 $1 {[%cal Rh3e6]} Nf4 (29... Qb7 $142 30. Bxe6 fxe6 31. Qxe6+ Qf7 32. Qxf7+ Kxf7) 30. Bxd7 Nxd5 {[#]} 31. Bc8 $1 {[%mdl 576] Clearance, Promotion. Accuracy: White = 78%, Black = 41%.} 1-0

[Event "XLV Sevilla Open 2020"]
[Site "Sevilla"]
[Date "2020.01.15"]
[Round "6.5"]
[White "Ravi, Teja S."]
[Black "Chen, Qi b"]
[Result "1/2-1/2"]
[WhiteElo "2464"]
[BlackElo "2432"]
[Annotator "TA"]
[PlyCount "68"]
[EventDate "2020.01.05"]
[EventType "swiss"]
[EventCountry "ESP"]
[SourceTitle "playchess.com"]
[Source "ChessBase"]
[SourceQuality "1"]

{[%evp 17,68,38,19,18,18,23,32,23,28,15,31,25,15,19,19,19,12,19,18,15,21,18,23,15,22,23,28,18,29,0,20,7,27,0,0,0,0,0,0,0,0,0,11,4,8,4,4,0,0,0,0,0,0]} 1. d4 Nf6 2. Nf3 g6 3. g3 Bg7 4. Bg2 O-O 5. O-O d6 6. c4 Nc6 7. Nc3 e5 8. dxe5 dxe5 9. Bg5 Be6 10. Qc1 {E62: King's Indian: Fianchetto: 6...c6 and Panno Variation (6...Nc6) without ...a6} (10. Qa4 Qb8 11. Bxf6 Bxf6 12. Nd2 Bg7 13. Rfd1 Rd8 14. Nb3 Nd4 15. Nc5 c6 16. e3 Bg4 17. exd4 exd4 18. N3e4 Bxd1 19. Rxd1 {1-0 (32) Carlsen,M (2835)-Firouzja,A (2607) St Petersburg 2018}) 10... Qc8 11. Rd1 Rd8 12. Rxd8+ {White is slightly better.} Qxd8 13. Ne4 Bf5 14. Nfd2 h6 $146 ({Predecessor:} 14... Nd4 15. Qd1 Bg4 16. f3 Bf5 17. e3 Nc6 {1-0 (54) Mchedlishvili,M (2600)-Akhvlediani,I (2318) Batumi 2018}) 15. Nxf6+ Bxf6 16. Bxf6 Qxf6 17. Ne4 Bxe4 18. Bxe4 h5 19. e3 Rd8 20. Qc3 h4 21. b4 b6 22. c5 {[#] Black must now prevent cxb6.} Ne7 {[%cal Bc6e7,Be7g8,Bg8f6][%mdl 32]} 23. Qc2 Kf8 24. a4 h3 (24... Kg7 {is more complex.} 25. a5 Qe6 26. axb6 axb6 27. Bg2 hxg3 28. hxg3 b5) 25. Rd1 (25. b5 {looks sharper.} Kg7 26. a5 Nd5 27. Qc4 Ne7 28. Qc3) 25... Ng8 {The position is equal.} 26. Rxd8+ Qxd8 27. Bd3 Nf6 28. Bf1 Qd7 $1 29. f3 e4 30. cxb6 cxb6 31. fxe4 Qe6 32. Qc3 Nxe4 33. Qh8+ {[%mdl 64] [#] Double Attack} Ke7 34. Bxh3 Qc4 {Accuracy: White = 77%, Black = 82%.} 1/2-1/2

[Event "XLV Sevilla Open 2020"]
[Site "Sevilla"]
[Date "2020.01.15"]
[Round "6.6"]
[White "Matamoros Franco, Carlos S."]
[Black "Montero Melendez, Rafael"]
[Result "1-0"]
[WhiteElo "2487"]
[BlackElo "2288"]
[Annotator "TA"]
[PlyCount "86"]
[EventDate "2020.01.05"]
[EventType "swiss"]
[EventCountry "ESP"]
[SourceTitle "playchess.com"]
[Source "ChessBase"]
[SourceQuality "1"]

{[%evp 23,86,34,54,0,21,9,10,22,19,10,10,6,22,15,2,14,35,33,35,33,34,25,56,34,53,51,60,50,62,60,64,4,5,7,6,8,4,8,97,97,482,0,54,0,14,23,95,98,216,210,190,195,662,639,1134,1134,1003,820,803,793,1687,1625,1456,1463,2686]} 1. Nf3 Nf6 2. c4 c5 3. Nc3 e6 4. g3 b6 5. Bg2 Bb7 6. O-O Be7 7. d4 cxd4 8. Qxd4 d6 9. Rd1 a6 10. b3 Nbd7 11. e4 Qc8 12. Ba3 Nc5 13. e5 {A30: Symmetrical English: Double Fianchetto and Hedgehog} (13. Ne1 $14) 13... dxe5 14. Nxe5 Bxg2 15. Kxg2 {The position is equal.} Qb7+ 16. Kg1 Rd8 17. Qe3 {White wants to play Rxd8+.} O-O 18. Qf3 Qxf3 19. Nxf3 {[#]} Rfe8 $146 ({Predecessor:} 19... Rxd1+ 20. Rxd1 Rd8 21. Rxd8+ Bxd8 {½-½ (52) Ekstroem,R (2490)-Pelletier,Y (2515) Dresden 1998}) 20. Ne5 Bf8 21. Kg2 Rc8 22. f4 Rc7 23. Kf3 h5 24. Bxc5 Bxc5 25. Na4 b5 26. Nxc5 Rxc5 27. h3 (27. Rac1 $14) 27... bxc4 28. bxc4 Rec8 29. Rd6 Ra5 30. a4 {Strongly threatening Nc6.} Rb8 (30... Rc7 $11) 31. Ke3 $16 {Nc6 is the strong threat.} g5 $2 {[%mdl 8192] [#]} (31... Kf8 $16 {is more resistant.}) 32. Rd3 $2 ({White has to play} 32. Nc6 $1 $18) 32... Rb4 ({Black should try} 32... Rc8 $11) 33. Rda3 ({Better is} 33. Nc6 $14 Rbxa4 34. fxg5 Rxa1 35. Nxa5 Rxa5 36. gxf6) 33... Rb2 34. Kd4 $36 {[%mdl 2048] aiming for Nc6. White is pushing.} Rd2+ (34... gxf4 $11 {remains equal.} 35. gxf4 Kf8) 35. Rd3 Rxd3+ (35... Re2 $16) 36. Nxd3 $18 {Hoping for Ne5.} gxf4 37. gxf4 $16 {[%mdl 4096] Endgame KRN-KRN} Kf8 $2 {[#]} (37... Rf5 38. Rb1 h4) 38. c5 $18 {White is clearly winning.} Nd7 39. Kc4 Nb8 40. Ne5 f6 41. Kb4 fxe5 42. Kxa5 exf4 43. Rb1 Nd7 {Accuracy: White = 67%, Black = 25%.} 1-0